000 00664nam 22002293 4500
001 202040
010 _a989-559-031-8
021 _aPT
_b199954/03
090 _a202040
100 _a20260505d u||y0pory50 ba
200 _aLucky Luke
_fMorris [e] Goscinny
210 _a[S.l.]
_cEdições Devir
_dD.L. 2003
215 _a208 p.
_cil. ; brochado
_d21 cm
225 _aOs clássicos da Banda Desenhada
_h1
606 _91586
_aDesenho Artístico
610 _aBanda Desenhada
675 _a74
_vPT
_zpor
700 _916145
_aMorris (Maurice Bévère)
_f1923-2001
701 _9823
_aGoscinny
_bRené
_f1926-1977
801 _aPT
_bBMMN
_gRPC
830 _cIsabel
990 _cLIVROS